Dizajn udržateľných obalov v potravinárskom priemysle
Stratégia obehového hospodárstva spoločnosti Nestlé a identifikácia nových udržateľných obalov, ktoré spoločnosť v oblasti potravín zaviedla. Vytváranie a uvádzanie udržateľných obalov na trh je v súčasnosti jedným z najsilnejších trendov, a zároveň príležitosťou získať konkurenčnú výhodu medzi spol...
Enregistré dans:
| Auteur principal: | |
|---|---|
| Autres auteurs: | |
| Format: | Chapitre de livre |
| Langue: | slovaque |
| Sujets: | |
| Tags: |
Pas de tags, Soyez le premier à ajouter un tag!
|
MARC
| LEADER | 00000naa a2200000 4500 | ||
|---|---|---|---|
| 001 | 0280539 | ||
| 005 | 20240502074344.4 | ||
| 041 | 0 | |a slo | |
| 044 | |a SK | ||
| 245 | 1 | 0 | |a Dizajn udržateľných obalov v potravinárskom priemysle |c Jana Gondárová, Malgorzata Agnieszka Jarossová |
| 520 | |a Stratégia obehového hospodárstva spoločnosti Nestlé a identifikácia nových udržateľných obalov, ktoré spoločnosť v oblasti potravín zaviedla. Vytváranie a uvádzanie udržateľných obalov na trh je v súčasnosti jedným z najsilnejších trendov, a zároveň príležitosťou získať konkurenčnú výhodu medzi spoločnosťami, pretože spotrebitelia si začínajú všímať neekologické správanie medzi výrobcami a uprednostňujú výrobky v obaloch, ktoré sa starajú o našu planétu. | ||
| 610 | 2 | 0 | |a potraviny |
| 610 | 2 | 0 | |a plasty |
| 610 | 2 | 0 | |a obaly |
| 610 | 2 | 0 | |a recyklácia odpadu |
| 610 | 2 | 0 | |a spotrebitelia |
| 610 | 2 | 0 | |a odpad |
| 610 | 2 | 0 | |a hospodárstvo obehové |
| 610 | 2 | 0 | |a firmy |
| 610 | 2 | 0 | |a ekológia |
| 100 | 1 | |a Gondárová, Jana, 1983- | |
| 700 | 1 | |a Jarossová, Malgorzata Agnieszka, 1978- | |